金錢萬能? : 差傳經費的籌募與運用 Does money make the mare go? : (Record no. 12984)
[ view plain ]
| 000 -LEADER | |
|---|---|
| fixed length control field | 00594nam a2200145 4500 |
| 008 - FIXED-LENGTH DATA ELEMENTS--GENERAL INFORMATION | |
| fixed length control field | 020909s1999 -hk chi |
| 020 ## - INTERNATIONAL STANDARD BOOK NUMBER | |
| International Standard Book Number | 9623220235 |
| 090 #0 - LOCALLY ASSIGNED LC-TYPE CALL NUMBER (OCLC); LOCAL CALL NUMBER (OCLC) | |
| Classification number (OCLC) (R) ; Classification number, CALL (RLIN) (NR) | BV2081 |
| Local cutter number (OCLC) ; Book number/undivided call number, CALL (RLIN) | C42d |
| 100 1# - MAIN ENTRY--PERSONAL NAME | |
| Personal name | 鄭果編 Chen, Mark |
| 245 10 - TITLE STATEMENT | |
| Title | 金錢萬能? : 差傳經費的籌募與運用 Does money make the mare go? : |
| Remainder of title | raising and handling missions fund{ch} / |
| Statement of responsibility, etc | 鄭果編 Mark Chen. |
| 260 ## - PUBLICATION, DISTRIBUTION, ETC. (IMPRINT) | |
| Place of publication, distribution, etc | Hongkong : |
| Name of publisher, distributor, etc | 世界華人福音事工聯絡中心 CCCOWE, |
| Date of publication, distribution, etc | c1999. |
| 490 1# - SERIES STATEMENT | |
| Series statement | 21st century series; |
| Volume number/sequential designation | 9 |
| 650 #4 - SUBJECT ADDED ENTRY--TOPICAL TERM | |
| Topical term or geographic name as entry element | Missions |
| General subdivision | Finance{ch}. |
| 951 ## - EQUIVALENCE OR CROSS-REFERENCE-GEOGRAPHIC NAME/AREA NAME [OBSOLETE] [CAN/MARC only] | |
| -- | C-4193 |
| -- | BV2081/C42d |
| -- | 070613111148359 |
| -- | 2000-12-21 |
| -- | CH |
| Withdrawn status | Lost status | Damaged status | Not for loan | Home library | Current library | Shelving location | Date acquired | Accession number | Shelving control number | Total Checkouts | Full call number | Date last seen | Price effective from | Koha item type |
|---|---|---|---|---|---|---|---|---|---|---|---|---|---|---|
| BSOP Library | BSOP Library | Chinese Books (General Circulation) | 12/21/2000 | C-4193 | 127 | BV2081/C42d | 02/23/2013 | 02/23/2013 | Books |
